000 01195cam a2200325 a 4500
999 _c1335
_d1335
003 CoMeUDC
005 20210528163339.0
008 180129s2017 ck ad gr 000 0 spa d
020 _a9789586654197
040 _aCO-UdeCO
_cCo-UdeCO
082 0 4 _a340.115
_bB715
245 0 4 _aLos mandarines del derecho :
_btrasplantes jurídicos, análisis cultural del derecho y trabajo pro bono en América Latina /
_cDaniel Bonilla Maldonado (director de la investigación).
260 _aBogotá :
_bSiglo del Hombre Editores :
_c2017.
300 _a367 p. :
_bil. ;
_c23 cm.
490 0 _aFilosofía política y del derecho.
504 _aIncluye bibliografías.
650 1 4 _aSociología jurídica
650 1 4 _aDerecho
_xEnseñanza
650 1 4 _aDerecho
_xMetodología
650 1 4 _aDerecho y sociedad
650 1 4 _aFilosofía del derecho
650 1 4 _aAbogados
_xPráctica profesional
650 1 4 _aTrabajo probono
_zColombia
_y2009-2012
650 1 4 _aTrabajo probono
_zArgentina
_y2000-2014
650 1 4 _aTrabajo probono
_zChile
_y2000-2014
650 1 4 _aDerecho como profesión
650 1 4 _aAcceso a la justicia
651 4 _aAmérica Latina
_xDerecho constitucional
942 _2ddc
_cBK